[Event "EU-ch Blitz"]
[Site "Zagreb"]
[Date "2023.12.16"]
[Round "10"]
[White "Danov, Lyubomir"]
[Black "Fedorchuk, Sergey A"]
[Result "1-0"]
[WhiteElo "2297"]
[BlackElo "2546"]
[PlyCount "73"]
[EventDate "2023.12.16"]
[EventType "swiss (blitz)"]
[EventRounds "13"]
[EventCountry "CRO"]
[SourceTitle "CB51_2023"]
[SourceDate "2023.12.20"]
[SourceVersion "1"]
[SourceVersionDate "2023.12.20"]
[SourceQuality "1"]

1. d4 Nf6 2. c4 e6 3. Nc3 Bb4 4. e3 0-0 5. Nf3 b6 6. Bd3 Bb7 7. 0-0 c5 8. a3 Bxc3 9. bxc3 d6 10. Re1 Be4 11. Bf1 Qc7 12. Nd2 Bb7 13. e4 cxd4 14. cxd4 e5 15. d5 Nbd7 16. Bb2 Nc5 17. f4 Nfd7 18. fxe5 Nxe5 19. Nf3 Ncd7 20. Nd4 Rae8 21. a4 Nc5 22. Nb5 Qb8 23. a5 bxa5 24. Bxe5 Rxe5 25. Rxa5 a6 26. Nc3 Bc8 27. Qd4 Qc7 28. Ra2 Rfe8 29. Rf2 Qe7 30. Bd3 f5 31. Rfe2 f4 32. Bc2 Rf8 33. Rf2 Rh5 34. e5 Rxe5 35. Rxe5 Qxe5 36. Qxe5 dxe5 37. Ne4 1-0

[Event "EU-ch Blitz"]
[Site "Zagreb"]
[Date "2023.12.16"]
[Round "4"]
[White "Danov, Lyubomir"]
[Black "Fressinet, Laurent"]
[Result "1-0"]
[WhiteElo "2297"]
[BlackElo "2637"]
[PlyCount "111"]
[EventDate "2023.12.16"]
[EventType "swiss (blitz)"]
[EventRounds "13"]
[EventCountry "CRO"]
[SourceTitle "CB51_2023"]
[SourceDate "2023.12.20"]
[SourceVersion "1"]
[SourceVersionDate "2023.12.20"]
[SourceQuality "1"]

1. d4 Nf6 2. Nf3 d5 3. c4 e6 4. cxd5 exd5 5. Nc3 Be7 6. Qc2 c6 7. Bf4 g6 8. e3 Bf5 9. Bd3 Bxd3 10. Qxd3 Nbd7 11. Bh6 Ng4 12. Bf4 0-0 13. h3 Ngf6 14. 0-0 Re8 15. Rab1 a5 16. Rfc1 Bf8 17. Qc2 Ne4 18. Nxe4 dxe4 19. Nd2 Qe7 20. Nc4 Qe6 21. Rd1 Nf6 22. a3 Nd5 23. Be5 f6 24. Bg3 a4 25. Rbc1 h5 26. Qe2 Kh7 27. Nd2 Be7 28. Re1 Bf8 29. Nb1 Ra5 30. Nc3 Rea8 31. Qc2 Nxc3 32. Qxc3 Rb5 33. Red1 Qd5 34. Qd2 Rb3 35. Rc3 Rb5 36. Rdc1 g5 37. h4 Be7 38. Qe2 Kg6 39. Qc2 Qf5 40. Rc4 Rba5 41. Rf1 Kf7 42. hxg5 fxg5 43. f3 Kg8 44. fxe4 Qg4 45. Be5 h4 46. Rf3 Rf8 47. Rxf8+ Bxf8 48. Rxa4 Rxa4 49. Qxa4 Qe2 50. Qb3+ Kh7 51. Qf7+ Kh6 52. Qxf8+ Kg6 53. Qg7+ Kh5 54. Qh7+ Kg4 55. Qf5+ Kh5 56. Qf3+ 1-0

[Event "EU-ch Rapid"]
[Site "Zagreb"]
[Date "2023.12.15"]
[Round "11"]
[White "Ivanchuk, Vassily"]
[Black "Danov, Lyubomir"]
[Result "1/2-1/2"]
[WhiteElo "2625"]
[BlackElo "2297"]
[PlyCount "94"]
[EventDate "2023.12.14"]
[EventType "swiss (rapid)"]
[EventRounds "11"]
[EventCountry "CRO"]
[SourceTitle "CB51_2023"]
[SourceDate "2023.12.20"]
[SourceVersion "1"]
[SourceVersionDate "2023.12.20"]
[SourceQuality "1"]

1. e4 e5 2. Nf3 Nc6 3. d4 exd4 4. c3 Qe7 5. Bd3 d5 6. 0-0 dxe4 7. Bxe4 Nf6 8. Bxc6+ bxc6 9. Re1 Be6 10. Nxd4 Qd7 11. Bg5 Be7 12. Nxe6 fxe6 13. Qxd7+ Kxd7 14. Nd2 Bd6 15. Rad1 Rab8 16. b3 Rb5 17. Nf3 Re8 18. c4 Rf5 19. h3 Kc8 20. Rd3 e5 21. Rde3 h6 22. Bh4 e4 23. Bxf6 Rxf6 24. Rxe4 Rxe4 25. Rxe4 Bc5 26. Kf1 a5 27. Re5 Bb4 28. Ke2 Kd7 29. Ne1 Bxe1 30. Kxe1 a4 31. f3 axb3 32. axb3 Rf8 33. Kd2 Ra8 34. Re2 Ra1 35. Kc3 c5 36. h4 Rg1 37. h5 Kd6 38. Kd3 Rb1 39. Ke4 Rxb3 40. Kf5 Rc3 41. Kg6 Rxc4 42. Kxg7 Rd4 43. Kxh6 c4 44. Rc2 Kc5 45. Kg5 Kb4 46. h6 Rd5+ 47. Kh4 Rd6 1/2-1/2

[Event "EU-ch Rapid"]
[Site "Zagreb"]
[Date "2023.12.14"]
[Round "4"]
[White "Danov, Lyubomir"]
[Black "Dardha, Daniel"]
[Result "0-1"]
[WhiteElo "2297"]
[BlackElo "2598"]
[PlyCount "104"]
[EventDate "2023.12.14"]
[EventType "swiss (rapid)"]
[EventRounds "11"]
[EventCountry "CRO"]
[SourceTitle "CB51_2023"]
[SourceDate "2023.12.20"]
[SourceVersion "1"]
[SourceVersionDate "2023.12.20"]
[SourceQuality "1"]

1. e4 e5 2. Nf3 Nc6 3. Bc4 d6 4. d4 Nf6 5. Nc3 Bg4 6. d5 Nd4 7. Be3 Nxf3+ 8. gxf3 Bd7 9. Qd2 g6 10. 0-0-0 Bg7 11. h4 a6 12. Ne2 b5 13. Bd3 c6 14. dxc6 Bxc6 15. Ng3 h5 16. Kb1 Qc7 17. Rhg1 d5 18. Bc5 0-0-0 19. exd5 Nxd5 20. Ne4 Kb8 21. a4 f5 22. Nd6 Bh6 23. Qe1 Rxd6 24. Bxd6 Qxd6 25. axb5 axb5 26. c4 bxc4 27. Bxc4 Rd8 28. Rd3 Bf8 29. Qa5 Qc7 30. Rb3+ Kc8 31. Qa6+ Kd7 32. Bb5 Nb4 33. Qa4 Rb8 34. Rd1+ Ke6 35. Rxb4 Bxb4 36. Bxc6 Kf6 37. Rd7 Qb6 38. Qb3 Be7 39. Qxb6 Rxb6 40. Bd5 Rb4 41. Ra7 Rxh4 42. Ra6+ Kg5 43. Bf7 Rh2 44. Rxg6+ Kf4 45. Rh6 h4 46. Rh5 Rxf2 47. Bg6 Bg5 48. b4 Rxf3 49. Kc2 Kg4 50. Rh8 Rf2+ 51. Kb3 h3 52. b5 Be3 0-1

[Event "Skopje op"]
[Site "Skopje"]
[Date "2023.12.10"]
[Round "7"]
[White "Ozen, Deniz"]
[Black "Danov, Lyubomir"]
[Result "1/2-1/2"]
[WhiteElo "2393"]
[BlackElo "2297"]
[PlyCount "52"]
[EventDate "2023.12.06"]
[EventType "swiss"]
[EventRounds "9"]
[EventCountry "MKD"]
[SourceTitle "CB50_2023"]
[SourceDate "2023.12.13"]
[SourceVersion "1"]
[SourceVersionDate "2023.12.13"]
[SourceQuality "1"]

1. e4 c5 2. Nf3 Nc6 3. Bb5 Nf6 4. Bxc6 dxc6 5. d3 g6 6. h3 Bg7 7. Nc3 Nd7 8. Be3 b6 9. Qd2 h6 10. 0-0 e5 11. Nh2 Nf8 12. f4 exf4 13. Bxf4 g5 14. Be3 Ng6 15. Nf3 Ne5 16. Nxe5 Bxe5 17. Qf2 Be6 18. Rad1 Qc7 19. a4 g4 20. hxg4 Rg8 21. Bf4 Rxg4 22. Bxe5 Qxe5 23. Qf6 Qg3 24. Qf2 Qe5 25. Qf6 Qg3 26. Qf2 Qe5 1/2-1/2

[Event "Shumen Stojan Ivanov Memorial"]
[Site "Shumen"]
[Date "2023.07.29"]
[Round "8"]
[White "Nikolov, Yavor"]
[Black "Danov, Lyubomir"]
[Result "1/2-1/2"]
[WhiteElo "2099"]
[BlackElo "2399"]
[PlyCount "63"]
[EventDate "2023.07.28"]
[EventType "swiss (rapid)"]
[EventRounds "11"]
[EventCountry "BUL"]
[SourceTitle "CBM 215 Extra"]
[Source "ChessBase"]
[SourceDate "2023.09.30"]
[SourceVersion "1"]
[SourceVersionDate "2023.09.30"]
[SourceQuality "1"]

1. e4 e6 2. b3 c5 3. Nf3 b6 4. d4 cxd4 5. Nxd4 Bb7 6. Bd3 Qf6 7. c3 Nc6 8. Nxc6 Bxc6 9. 0-0 Ne7 10. Na3 Ng6 11. Nb5 Qd8 12. Nd4 Bb7 13. Qe2 Be7 14. Ba6 Bxa6 15. Qxa6 0-0 16. Be3 Qc8 17. Qxc8 Rd8 18. Qxa8 Rxa8 19. c4 a6 20. Rfd1 Rb8 21. a4 d6 22. Rd2 Ne5 23. f3 Nd7 24. Kf2 Kf8 25. Ke2 Bf6 26. Rb1 Nc5 27. Nc2 Be7 28. Nb4 Ra8 29. Ra2 Nd7 30. Nd3 a5 31. Rd2 Rb8 32. Nc1 1/2-1/2

[Event "Shumen Stojan Ivanov Memorial"]
[Site "Shumen"]
[Date "2023.07.28"]
[Round "4"]
[White "Ivanov, Bogidar"]
[Black "Danov, Lyubomir"]
[Result "1-0"]
[WhiteElo "2189"]
[BlackElo "2399"]
[PlyCount "171"]
[EventDate "2023.07.28"]
[EventType "swiss (rapid)"]
[EventRounds "11"]
[EventCountry "BUL"]
[SourceTitle "CBM 215 Extra"]
[Source "ChessBase"]
[SourceDate "2023.09.30"]
[SourceVersion "1"]
[SourceVersionDate "2023.09.30"]
[SourceQuality "1"]

1. e4 c5 2. Nf3 e6 3. b3 b6 4. Bb2 Bb7 5. Nc3 Nf6 6. e5 Nd5 7. Nxd5 Bxd5 8. Be2 Be7 9. 0-0 0-0 10. d4 cxd4 11. Qxd4 f5 12. c4 Bb7 13. Rfd1 Qc7 14. a4 Rd8 15. Ba3 Nc6 16. Qf4 Bxa3 17. Rxa3 Ne7 18. h4 Ng6 19. Qg3 Rac8 20. Re1 Qc5 21. Raa1 Qb4 22. h5 Nf8 23. Nd4 a6 24. Rad1 d5 25. exd6 Qxd6 26. Nxf5 Qxg3 27. Nxg3 a5 28. f4 Nd7 29. Rd6 Nc5 30. Rxb6 Rc6 31. Rb5 Ba6 32. Rxa5 Nxb3 33. Re5 Bxc4 34. Bxc4 Rxc4 35. f5 exf5 36. Nxf5 Rf8 37. R1e3 Rc1+ 38. Kh2 Nd2 39. Re2 Nf1+ 40. Kh3 Rc3+ 41. g3 g6 42. Ne3 Nxe3 43. R2xe3 Rxe3 44. Rxe3 Ra8 45. Ra3 Ra5 46. hxg6 hxg6 47. Kg4 Kf7 48. Kf4 Ke6 49. Ke4 Kd6 50. Kd4 Kc6 51. Kc4 Kb6 52. Kb4 Rg5 53. a5+ Ka6 54. Kc4 Re5 55. Kd4 Re1 56. Re3 Rd1+ 57. Kc5 g5 58. g4 Rg1 59. Re4 Kxa5 60. Kd5 Kb5 61. Ke6 Rf1 62. Re5+ Kc6 63. Rxg5 Re1+ 64. Re5 Rg1 65. g5 Rg2 66. Kf6 Kd6 67. Re1 Rf2+ 68. Kg7 Kd7 69. g6 Rg2 70. Kh7 Rh2+ 71. Kg8 Rg2 72. g7 Rf2 73. Re4 Rf1 74. Kh7 Rh1+ 75. Kg6 Rg1+ 76. Kh6 Kd6 77. Re8 Rh1+ 78. Kg6 Rg1+ 79. Kh7 Rh1+ 80. Kg8 Kd7 81. Re5 Kd6 82. Re4 Kd7 83. Kf7 Rf1+ 84. Kg6 Rg1+ 85. Kf6 Kd8 86. Re5 1-0

[Event "EU-ch 23rd"]
[Site "Vrnjacka Banja"]
[Date "2023.03.13"]
[Round "11"]
[White "Danov, Lyubomir"]
[Black "Erdogmus, Yagiz Kaan"]
[Result "0-1"]
[WhiteElo "2349"]
[BlackElo "2445"]
[PlyCount "36"]
[EventDate "2023.03.03"]
[EventType "swiss"]
[EventRounds "11"]
[EventCountry "SRB"]
[SourceTitle "CBM 213"]
[Source "ChessBase"]
[SourceDate "2023.04.30"]
[SourceVersion "1"]
[SourceVersionDate "2023.04.30"]
[SourceQuality "1"]

1. e4 c5 2. Nc3 e6 3. g3 d5 4. exd5 exd5 5. Bg2 Nf6 6. Nge2 Nc6 7. 0-0 d4 8. Ne4 Be7 9. Nxf6+ Bxf6 10. Nf4 0-0 11. d3 g6 12. Nd5 Bg7 13. Bf4 Bf5 14. g4 Bd7 15. Re1 Re8 16. Qd2 b6 17. a3 f5 18. gxf5 Bxf5 0-1

[Event "EU-ch 23rd"]
[Site "Vrnjacka Banja"]
[Date "2023.03.12"]
[Round "10"]
[White "Stanojevic, Ilija"]
[Black "Danov, Lyubomir"]
[Result "0-1"]
[WhiteElo "2096"]
[BlackElo "2349"]
[PlyCount "54"]
[EventDate "2023.03.03"]
[EventType "swiss"]
[EventRounds "11"]
[EventCountry "SRB"]
[SourceTitle "CBM 213"]
[Source "ChessBase"]
[SourceDate "2023.04.30"]
[SourceVersion "1"]
[SourceVersionDate "2023.04.30"]
[SourceQuality "1"]

1. d4 d5 2. c4 e6 3. Nf3 c6 4. g3 f5 5. Bg2 Nf6 6. 0-0 Bd6 7. b3 Qe7 8. Bb2 0-0 9. Qc1 b6 10. Ba3 Nbd7 11. Bxd6 Qxd6 12. Qa3 Qxa3 13. Nxa3 Ba6 14. Rac1 Ne4 15. Rfd1 Rac8 16. Ne1 b5 17. f3 Nd6 18. c5 Nf7 19. Nac2 e5 20. e4 fxe4 21. fxe4 dxe4 22. Nb4 Bb7 23. Bh3 Rcd8 24. d5 Nb8 25. Be6 a5 26. dxc6 Nxc6 27. Nxc6 Bxc6 0-1

[Event "EU-ch 23rd"]
[Site "Vrnjacka Banja"]
[Date "2023.03.09"]
[Round "7"]
[White "Danov, Lyubomir"]
[Black "Tudor, Henry Edward"]
[Result "1-0"]
[WhiteElo "2349"]
[BlackElo "2201"]
[PlyCount "68"]
[EventDate "2023.03.03"]
[EventType "swiss"]
[EventRounds "11"]
[EventCountry "SRB"]
[SourceTitle "CBM 213"]
[Source "ChessBase"]
[SourceDate "2023.04.30"]
[SourceVersion "1"]
[SourceVersionDate "2023.04.30"]
[SourceQuality "1"]

1. e4 c5 2. Nc3 e6 3. Nf3 a6 4. d4 cxd4 5. Nxd4 Qc7 6. g3 Bb4 7. Bd2 Nc6 8. Nxc6 dxc6 9. Qg4 Bf8 10. f4 Nf6 11. Qf3 e5 12. f5 h5 13. a4 b6 14. Bd3 Bb7 15. 0-0 Rd8 16. Rad1 b5 17. b3 Be7 18. Kg2 b4 19. Nb1 c5 20. Bg5 Rxd3 21. cxd3 Nxe4 22. dxe4 Bxg5 23. h4 Bh6 24. Nd2 Bxd2 25. Rxd2 c4 26. bxc4 Qxc4 27. Re1 0-0 28. Qxh5 Bxe4+ 29. Kh2 b3 30. f6 Qc3 31. Qg5 Bg6 32. fxg7 Kxg7 33. Ree2 f6 34. Qg4 Kh6 1-0

[Event "EU-ch 23rd"]
[Site "Vrnjacka Banja"]
[Date "2023.03.05"]
[Round "3"]
[White "Danov, Lyubomir"]
[Black "Tregubenko, Nikolay"]
[Result "0-1"]
[WhiteElo "2349"]
[BlackElo "2022"]
[PlyCount "72"]
[EventDate "2023.03.03"]
[EventType "swiss"]
[EventRounds "11"]
[EventCountry "SRB"]
[SourceTitle "CBM 213"]
[Source "ChessBase"]
[SourceDate "2023.04.30"]
[SourceVersion "1"]
[SourceVersionDate "2023.04.30"]
[SourceQuality "1"]

1. Nf3 Nf6 2. g3 g6 3. b3 Bg7 4. Bb2 0-0 5. Bg2 d6 6. d4 Nbd7 7. 0-0 e5 8. dxe5 Ng4 9. c4 Ngxe5 10. Nxe5 Nxe5 11. Nc3 Nc6 12. Qd2 a5 13. Nd5 a4 14. Bxg7 Kxg7 15. b4 Be6 16. Rac1 Ne5 17. Rfd1 a3 18. Ne3 c6 19. f4 Ng4 20. Nxg4 Bxg4 21. h3 Be6 22. e4 h6 23. g4 Qb6+ 24. Kh2 Ra4 25. f5 Bc8 26. f6+ Kh7 27. Qxd6 Qxb4 28. c5 Rg8 29. Qe7 Be6 30. Rb1 Qc4 31. Ra1 Qc3 32. Rdc1 Qd2 33. Qxb7 Rb4 34. Qxc6 Rb2 35. Rg1 Rd8 36. Qa4 Rd3 0-1

[Event "FRM-chT 30th"]
[Site "Struga"]
[Date "2022.10.19"]
[Round "6.2"]
[White "Blagojevic, Dragisa"]
[Black "Danov, Lyubomir"]
[Result "1/2-1/2"]
[WhiteElo "2488"]
[BlackElo "2323"]
[PlyCount "45"]
[EventDate "2022.10.14"]
[EventType "team-tourn"]
[EventRounds "7"]
[EventCountry "MKD"]
[SourceTitle "CBM 210 Extra"]
[Source "ChessBase"]
[SourceDate "2022.11.30"]
[SourceVersion "1"]
[SourceVersionDate "2022.11.30"]
[SourceQuality "1"]
[WhiteTeam "Bitola Patako"]
[BlackTeam "Kumanovo GSHK"]
[WhiteTeamCountry "MKD"]
[BlackTeamCountry "MKD"]

1. d4 Nf6 2. c4 e6 3. Nf3 d5 4. g3 h6 5. Bg2 Bd6 6. 0-0 0-0 7. Qc2 b6 8. Nc3 Bb7 9. cxd5 exd5 10. Rd1 a6 11. Ne5 Re8 12. Nd3 Nc6 13. Nf4 Ne7 14. Qb3 Bxf4 15. Bxf4 Ng6 16. Bd2 Ne4 17. Rac1 Nxc3 18. Qxc3 Re7 19. Rc2 Nf8 20. Rdc1 a5 21. Be3 Ne6 22. Bh3 c6 23. a4 1/2-1/2

[Event "FRM-chT 30th"]
[Site "Struga"]
[Date "2022.10.16"]
[Round "3.2"]
[White "Danov, Lyubomir"]
[Black "Sedlak, Nikola"]
[Result "1/2-1/2"]
[WhiteElo "2323"]
[BlackElo "2469"]
[PlyCount "34"]
[EventDate "2022.10.14"]
[EventType "team-tourn"]
[EventRounds "7"]
[EventCountry "MKD"]
[SourceTitle "CBM 210 Extra"]
[Source "ChessBase"]
[SourceDate "2022.11.30"]
[SourceVersion "1"]
[SourceVersionDate "2022.11.30"]
[SourceQuality "1"]
[WhiteTeam "Kumanovo GSHK"]
[BlackTeam "Prilep"]
[WhiteTeamCountry "MKD"]
[BlackTeamCountry "MKD"]

1. e4 e5 2. Nf3 Nc6 3. Bc4 Nf6 4. d3 Be7 5. 0-0 0-0 6. Re1 d6 7. a3 Kh8 8. b4 Ng8 9. b5 Nb8 10. d4 exd4 11. Nxd4 Bf6 12. a4 a6 13. Ra3 axb5 14. axb5 Rxa3 15. Bxa3 Nd7 16. Nc3 Nb6 17. Bb3 Be5 1/2-1/2

[Event "FRM-chT 30th"]
[Site "Struga"]
[Date "2022.10.15"]
[Round "2.2"]
[White "Indjic, Aleksandar"]
[Black "Danov, Lyubomir"]
[Result "1/2-1/2"]
[WhiteElo "2630"]
[BlackElo "2323"]
[PlyCount "147"]
[EventDate "2022.10.14"]
[EventType "team-tourn"]
[EventRounds "7"]
[EventCountry "MKD"]
[SourceTitle "CBM 210 Extra"]
[Source "ChessBase"]
[SourceDate "2022.11.30"]
[SourceVersion "1"]
[SourceVersionDate "2022.11.30"]
[SourceQuality "1"]
[WhiteTeam "Skopje Alkaloid"]
[BlackTeam "Kumanovo GSHK"]
[WhiteTeamCountry "MKD"]
[BlackTeamCountry "MKD"]

1. d4 e6 2. e4 d5 3. Nc3 dxe4 4. Nxe4 Bd7 5. Nf3 Bc6 6. Bd3 Nd7 7. 0-0 Bxe4 8. Bxe4 c6 9. c3 Ngf6 10. Bc2 g6 11. Bf4 Bg7 12. Qd2 0-0 13. Rad1 Re8 14. Rfe1 Nd5 15. Bg5 Qa5 16. Bb3 N5b6 17. h4 c5 18. Bh6 cxd4 19. Bxg7 Kxg7 20. Qxd4+ Kg8 21. Ng5 Qc5 22. Nxe6 Qxd4 23. Nxd4 a5 24. Nb5 a4 25. Rxe8+ Rxe8 26. Bxa4 Nxa4 27. Rxd7 Nxb2 28. Rxb7 Nd3 29. Nd6 Re1+ 30. Kh2 Nxf2 31. Nxf7 Rh1+ 32. Kg3 Ne4+ 33. Kf3 Nxc3 34. Nh6+ Kf8 35. g3 Rf1+ 36. Kg2 Ra1 37. Rf7+ Ke8 38. Rxh7 Rxa2+ 39. Kf3 Ra6 40. g4 Nd5 41. Rb7 Ra4 42. Rg7 Ne7 43. Rh7 Nd5 44. Rb7 Rf4+ 45. Kg3 Rd4 46. Rb8+ Kd7 47. Rb3 Ke7 48. Rf3 Nf6 49. h5 Nxg4 50. Ng8+ Ke6 51. hxg6 Ne5 52. Rf6+ Kd7 53. Nh6 Nxg6 54. Rxg6 Ra4 55. Nf5 Rb4 56. Kf3 Ra4 57. Ke3 Ra3+ 58. Ke4 Ra4+ 59. Nd4 Ke7 60. Rb6 Kf7 61. Ke5 Ra1 62. Rf6+ Ke7 63. Nf5+ Kd7 64. Rf7+ Kc6 65. Nd4+ Kb6 66. Kd5 Ra5+ 67. Kd6 Ra4 68. Rf4 Rc4 69. Rh4 Ra4 70. Ke6 Rc4 71. Kd5 Rc5+ 72. Kd6 Rc4 73. Nf5 Rxh4 74. Nxh4 1/2-1/2

[Event "Shumen Ivanov Memorial"]
[Site "Shumen"]
[Date "2022.07.31"]
[Round "7"]
[White "Danov, Lyubomir"]
[Black "Sever, Mustafa Batuhan"]
[Result "1-0"]
[WhiteElo "2322"]
[BlackElo "2089"]
[PlyCount "68"]
[EventDate "2022.07.30"]
[EventType "swiss (rapid)"]
[EventRounds "9"]
[EventCountry "BUL"]
[SourceTitle "CBM 209 Extra"]
[Source "ChessBase"]
[SourceDate "2022.09.30"]
[SourceVersion "1"]
[SourceVersionDate "2022.09.30"]
[SourceQuality "1"]

1. e4 c5 2. Nc3 Nc6 3. Bb5 Nd4 4. Bc4 e6 5. Nge2 d6 6. Nxd4 cxd4 7. Ne2 Qb6 8. 0-0 Nf6 9. d3 Be7 10. Bb3 0-0 11. Ng3 a5 12. a4 Nd7 13. c3 Bf6 14. Ne2 Nc5 15. Bc4 e5 16. cxd4 exd4 17. b3 Be6 18. Ba3 Na6 19. Nf4 Rfe8 20. Nh5 Be7 21. Bxe6 fxe6 22. Qg4 Bf8 23. Nf6+ Kh8 24. Nxe8 Rxe8 25. Rab1 g6 26. f4 Bh6 27. Kh1 Nc7 28. f5 gxf5 29. exf5 Rg8 30. Qh3 Be3 31. fxe6 Qc6 32. Rf7 h6 33. e7 Ne6 34. Rbf1 Bg5 1-0

[Event "PNWCC vs Europe Hybrid 05"]
[Site "Chess.com INT"]
[Date "2022.05.07"]
[Round "1"]
[White "Mei, Austin"]
[Black "Danov, Lyubomir"]
[Result "1/2-1/2"]
[WhiteElo "2336"]
[BlackElo "2373"]
[PlyCount "56"]
[EventDate "2022.05.07"]
[EventType "team-tourn"]
[EventRounds "4"]
[EventCountry "USA"]
[SourceTitle "EXT 2023"]
[Source "ChessBase"]
[SourceDate "2022.10.05"]
[SourceVersion "1"]
[SourceVersionDate "2022.10.05"]
[SourceQuality "1"]
[WhiteTeam "PNWCC"]
[BlackTeam "Europe"]
[WhiteTeamCountry "USA"]

1. e4 e5 2. Nf3 Nc6 3. Bb5 a6 4. Ba4 d6 5. c3 Nf6 6. d4 b5 7. Bc2 Be7 8. a4 Bg4 9. d5 Na5 10. h3 Bd7 11. Nbd2 0-0 12. 0-0 c6 13. dxc6 Nxc6 14. Re1 b4 15. Nc4 bxc3 16. bxc3 Be6 17. Ne3 Na5 18. Ng5 Bd7 19. Nf5 Bxf5 20. exf5 Rc8 21. Qf3 Qc7 22. Ne4 d5 23. Nxf6+ Bxf6 24. Qxd5 Rfd8 25. Qf3 Qxc3 26. Qxc3 Rxc3 27. Be4 Nc4 28. Be3 Nxe3 1/2-1/2

[Event "PNWCC-Bulgaria Hybrid m2"]
[Site "Chess.com INT"]
[Date "2021.12.18"]
[Round "2"]
[White "Danov, Lyubomir"]
[Black "Dixit, Arun"]
[Result "1-0"]
[WhiteElo "2363"]
[BlackElo "2175"]
[PlyCount "147"]
[EventDate "2021.12.18"]
[EventType "team-match"]
[EventRounds "12"]
[EventCountry "USA"]
[SourceTitle "CBM 206 Extra"]
[Source "ChessBase"]
[SourceDate "2022.03.31"]
[SourceVersion "1"]
[SourceVersionDate "2022.03.31"]
[SourceQuality "1"]
[WhiteTeam "Bulgaria"]
[BlackTeam "PNWCC"]
[WhiteTeamCountry "BUL"]
[BlackTeamCountry "USA"]

1. e4 c5 2. Nf3 g6 3. c3 Bg7 4. Bc4 Qc7 5. 0-0 d6 6. d4 cxd4 7. Qb3 e6 8. cxd4 Ne7 9. Nc3 a6 10. Be3 Nbc6 11. Bd3 Na5 12. Qa3 b5 13. Bf4 e5 14. dxe5 dxe5 15. Nxe5 Bxe5 16. Bxe5 Qxe5 17. Qxa5 0-0 18. Rad1 Bg4 19. f3 Qc5+ 20. Kh1 Be6 21. Bb1 Bc4 22. Rfe1 Rfc8 23. Ne2 Qf2 24. Qd2 Rd8 25. Nd4 Qxd2 26. Rxd2 Nc6 27. Red1 Nxd4 28. Rxd4 Rdc8 29. Kg1 a5 30. Kf2 a4 31. a3 Bb3 32. R1d2 Rc1 33. Bd3 Rb8 34. Be2 Bc4 35. Rd8+ Rxd8 36. Rxd8+ Kg7 37. Rd2 h5 38. Bd1 g5 39. g3 Kf6 40. f4 h4 41. fxg5+ Kxg5 42. gxh4+ Kxh4 43. Ke3 Kh3 44. Kf4 Be6 45. Be2 Rc5 46. e5 Kh4 47. Rd8 Kh3 48. Bf3 Rc4+ 49. Be4 Kxh2 50. Rh8+ Bh3 51. Kf3 Rc1 52. Bd3 Re1 53. Kf4 Rg1 54. Bxb5 Rg4+ 55. Ke3 Rg3+ 56. Kd4 Kg2 57. Bc6+ Kg1 58. Bxa4 Bg2 59. Bc2 Kf2 60. Rf8 Rf3 61. e6 fxe6 62. Rxf3+ Bxf3 63. Be4 Bd1 64. b4 Ba4 65. Bd3 Kf3 66. b5 Kf4 67. Kc5 Bd1 68. b6 Bf3 69. a4 e5 70. a5 e4 71. Bxe4 Bxe4 72. a6 Ke5 73. b7 Bxb7 74. axb7 1-0

[Event "FRM-chT 29th"]
[Site "Struga"]
[Date "2021.08.16"]
[Round "2"]
[White "Danov, Lyubomir"]
[Black "Andreikin, Dmitry"]
[Result "0-1"]
[WhiteElo "2385"]
[BlackElo "2724"]
[PlyCount "82"]
[EventDate "2021.08.15"]
[EventType "team-tourn"]
[EventRounds "7"]
[EventCountry "MKD"]
[SourceTitle "CBM 203 Extra"]
[Source "ChessBase"]
[SourceDate "2021.09.30"]
[SourceVersion "1"]
[SourceVersionDate "2021.09.30"]
[SourceQuality "1"]
[WhiteTeam "Kumanovo GSHK"]
[BlackTeam "Skopje Alkaloid"]
[WhiteTeamCountry "MKD"]
[BlackTeamCountry "MKD"]

1. c4 e6 2. Nf3 d5 3. d4 Nf6 4. Nc3 dxc4 5. Qa4+ c6 6. Qxc4 b5 7. Qd3 Bb7 8. e4 b4 9. Na4 Qa5 10. b3 c5 11. dxc5 Bxe4 12. Qb5+ Qxb5 13. Bxb5+ Bc6 14. Nd4 Bxb5 15. Nxb5 Nd5 16. Bb2 Nc6 17. 0-0-0 0-0-0 18. g3 h5 19. h4 Rg8 20. a3 Kb7 21. axb4 Ncxb4 22. Kb1 Be7 23. Be5 Nc6 24. Nd6+ Ka8 25. Nc4 Rd7 26. Bd6 Rb7 27. Rd3 Bf6 28. Rhd1 Rd8 29. f4 Rb4 30. Ne5 Bxe5 31. fxe5 Rd7 32. Rf1 Rdb7 33. Kc1 Rxb3 34. Rxb3 Rxb3 35. Rxf7 Rxg3 36. Rf8+ Kb7 37. Re8 Rg4 38. Nb2 Rxh4 39. Rxe6 Rh1+ 40. Kd2 Rh2+ 41. Kc1 Nd4 0-1

[Event "Stara Zagora Trayana Spring"]
[Site "Stara Zagora"]
[Date "2021.03.20"]
[Round "4"]
[White "Peycheva, Gergana"]
[Black "Danov, Lyubomir"]
[Result "0-1"]
[WhiteElo "2097"]
[BlackElo "2426"]
[PlyCount "40"]
[EventDate "2021.03.20"]
[EventType "swiss"]
[EventRounds "7"]
[EventCountry "BUL"]
[SourceTitle "EXT 2022"]
[Source "ChessBase"]
[SourceDate "2021.10.06"]
[SourceVersion "1"]
[SourceVersionDate "2021.10.06"]
[SourceQuality "1"]

1. d4 e6 2. c4 f5 3. Nc3 Nf6 4. Bg5 Bb4 5. Qc2 0-0 6. f3 h6 7. Bh4 c5 8. 0-0-0 cxd4 9. Rxd4 Nc6 10. Rd1 Qa5 11. Na4 d5 12. a3 Be7 13. e3 Bd7 14. Nc3 Rac8 15. Kb1 b5 16. cxb5 Ne5 17. Qa4 Qxa4 18. Nxa4 Nc4 19. Bxc4 Rxc4 20. Nc3 Rxh4 0-1

[Event "Primorsko op"]
[Site "Primorsko"]
[Date "2020.09.19"]
[Round "6"]
[White "Danov, Lyubomir"]
[Black "Solodovnichenko, Yuri"]
[Result "0-1"]
[WhiteElo "2344"]
[BlackElo "2553"]
[PlyCount "92"]
[EventDate "2020.09.14"]
[EventType "swiss"]
[EventRounds "9"]
[EventCountry "BUL"]
[SourceTitle "CBM 198 Extra"]
[Source "ChessBase"]
[SourceDate "2020.11.30"]
[SourceVersion "1"]
[SourceVersionDate "2020.11.30"]
[SourceQuality "1"]

1. e4 c5 2. Nf3 d6 3. d4 Nf6 4. dxc5 Nxe4 5. cxd6 Nc6 6. Be3 e5 7. Nbd2 Nxd6 8. Nc4 Be6 9. Nxd6+ Bxd6 10. Ng5 Bd5 11. Bd3 Be7 12. Qg4 Nb4 13. Bb5+ Bc6 14. Bxc6+ Nxc6 15. 0-0 Bxg5 16. Bxg5 Qd7 17. Qxd7+ Kxd7 18. Rfd1+ Ke6 19. Rd2 f6 20. Be3 Rhd8 21. Rad1 b6 22. Kf1 Rxd2 23. Rxd2 Rc8 24. c4 e4 25. Bf4 g5 26. Bd6 a5 27. Ba3 Nb4 28. Bxb4 axb4 29. b3 f5 30. Ke2 Rc5 31. f3 Ke5 32. fxe4 Kxe4 33. Rd8 Ra5 34. Rd2 f4 35. Kf2 g4 36. Ke1 Rh5 37. Re2+ Kd3 38. Rd2+ Kc3 39. h3 gxh3 40. gxh3 Rxh3 41. Rd6 Rh1+ 42. Ke2 Rh2+ 43. Kf3 Rxa2 44. Rxb6 Kxb3 45. c5 Rc2 46. c6 Rc4 0-1